000 00440nam a2200169 4500
005 20260113173034.0
008 260113b |||||||| |||| 00| 0 eng d
020 _a978-0-670-09982-5
041 _aEnglish
082 _aX 331.702 WAR
_bB12170
100 _aWarikoo, Ankur
_9216341
245 _aBuild An Epic Career
260 _aNew Delhi
_bPenguin Business
_c2025
300 _ax,255p
_bpb
365 _aRupaye
_b238
_cINR
942 _cBK
999 _c369879
_d369879